In the footsteps of Alexander the Great : (Record no. 909)

000 -LEADER
fixed length control field 01523nam a22003737a 4500
001 - CONTROL NUMBER
control field 708520
003 - CONTROL NUMBER IDENTIFIER
control field OSt
005 - DATE AND TIME OF LATEST TRANSACTION
control field 20210426103354.0
008 - FIXED-LENGTH DATA ELEMENTS--GENERAL INFORMATION
fixed length control field 970506s1997 cauab b s001 0aeng
010 ## - LIBRARY OF CONGRESS CONTROL NUMBER
LC control number 97019188
020 ## - INTERNATIONAL STANDARD BOOK NUMBER
International Standard Book Number 0520213076 (cloth)
040 ## - CATALOGING SOURCE
Original cataloging agency DLC
Transcribing agency DLC
Modifying agency DLC
Language of cataloging eng
041 ## - LANGUAGE CODE
Language code of text/sound track or separate title eng
043 ## - GEOGRAPHIC AREA CODE
Geographic area code a------
050 00 - LIBRARY OF CONGRESS CALL NUMBER
Classification number DS10
Item number .W62 1997
080 ## - UNIVERSAL DECIMAL CLASSIFICATION NUMBER
Universal Decimal Classification number 94
Item number W-83
082 00 - DEWEY DECIMAL CLASSIFICATION NUMBER
Classification number 938/.07/092
Edition number 21
100 1# - MAIN ENTRY--PERSONAL NAME
Personal name Wood, Michael,
Dates associated with a name 1948-
245 10 - TITLE STATEMENT
Title In the footsteps of Alexander the Great :
Remainder of title a journey from Greece to Asia /
Statement of responsibility, etc. / by: University of California Press
260 ## - PUBLICATION, DISTRIBUTION, ETC.
Place of publication, distribution, etc. Berkeley :
Name of publisher, distributor, etc. University of California Press
Date of publication, distribution, etc. 1997.
300 ## - PHYSICAL DESCRIPTION
Extent 256 p.
Other physical details ill. (some col), maps ;
Dimensions 26 cm.
504 ## - BIBLIOGRAPHY, ETC. NOTE
Bibliography, etc. note Includes bibliographical references (p. 244-248) and index.
600 00 - SUBJECT ADDED ENTRY--PERSONAL NAME
Personal name Alexander,
Titles and other words associated with a name the Great,
Dates associated with a name 356 B.C.-323 B.C.
General subdivision Travel
Geographic subdivision Asia.
600 10 - SUBJECT ADDED ENTRY--PERSONAL NAME
Personal name Wood, Michael,
Dates associated with a name 1948-
650 #0 - SUBJECT ADDED ENTRY--TOPICAL TERM
Topical term or geographic name entry element Historic sites
Geographic subdivision Asia.
650 #0 - SUBJECT ADDED ENTRY--TOPICAL TERM
Topical term or geographic name entry element History
9 (RLIN) 252
651 #0 - SUBJECT ADDED ENTRY--GEOGRAPHIC NAME
Geographic name Asia
General subdivision Description and travel.
653 ## - INDEX TERM--UNCONTROLLED
Uncontrolled term ისტორია
856 42 - ELECTRONIC LOCATION AND ACCESS
Materials specified Contributor biographical information
Uniform Resource Identifier <a href="http://www.loc.gov/catdir/bios/ucal052/97019188.html">http://www.loc.gov/catdir/bios/ucal052/97019188.html</a>
856 42 - ELECTRONIC LOCATION AND ACCESS
Materials specified Publisher description
Uniform Resource Identifier <a href="http://www.loc.gov/catdir/description/ucal042/97019188.html">http://www.loc.gov/catdir/description/ucal042/97019188.html</a>
906 ## - LOCAL DATA ELEMENT F, LDF (RLIN)
a 7
b cbc
c orignew
d 1
e ocip
f 19
g y-gencatlg
942 ## - ADDED ENTRY ELEMENTS (KOHA)
Source of classification or shelving scheme
Koha item type Books
Holdings
Withdrawn status Lost status Source of classification or shelving scheme Damaged status Not for loan Permanent location Current location Date acquired Inventory number Total Checkouts Full call number Barcode Date last seen Price effective from Koha item type
          Ken Walker International University Ken Walker International University 01/21/2021 2381   94 W-83 2381 01/21/2021 01/21/2021 Books

Powered by Koha